| 000 | 01066cab a22002295a 4500 | ||
|---|---|---|---|
| 001 | L149482 | ||
| 008 | 100308e2010 xxk 000 0 eng d | ||
| 035 | _a(Sirsi) u149482 | ||
| 041 | 0 | _aeng | |
| 100 | 1 | _aThame, David | |
| 245 | 0 | 0 | _aFocus London |
| 260 | _c2010 | ||
| 490 |
_aEstates Gazette _v(1009) 6 March 2010, 89-107(16) |
||
| 520 | _aChinese sovereign wealth fund CIC invests in Canary Wharf highlights interest by Chinese investors in the London property market. A round up of planned construction schemes for London in 2010. Overview of prelet transactions in London from 2005-2009. Asks whether changes in financial regulation such as the tax on bankers bonuses drive finance out of the City of London. Concludes with interview of four London agents who have left large corporate surveying firms to set up their own businesses. | ||
| 590 | _aKA | ||
| 651 | 4 | _aLondon | |
| 690 | _aPROPERTY-COMMERCIAL PROPERTY-COMMERCIAL PROPERTY MARKET | ||
| 700 | 1 | _aMeadwell, Stacey | |
| 700 | 1 | _aMorrison, Adrian | |
| 700 | 1 | _aPhillips, Mike | |
| 942 | _n0 | ||
| 999 |
_c82180 _d82180 |
||